000 00619nam a22001937a 4500
999 _c166723
_d166723
005 20190806155838.0
010 _aUR-10345
020 _c250.00
_a818889141-X
035 _aU-8900
037 _bDBAD/PUB
082 _a840.1
100 _aايم اے قد ير
245 _aز ا و يہء نگا ہ
_cايم اے قد ير
246 _bZaviye Nighah (Urdu)
_aby M.A.Qadeer
260 _aDelhi
_bDarul Eshaat-e-Mustafai
_c2019 ء
270 _a3191,Gali Vakil,Kucha Pandit Lal Kuan,
_bDelhi
_e110006
_k23216162
_l-
300 _a184 ص
_c22 Cm(Hb)
942 _2ddc
_cUR
_h840.1
_mق د ی